| 000 | 00790nas a2200253 4500 | ||
|---|---|---|---|
| 001 | BR0102332 | ||
| 003 | BR-BrBNA | ||
| 005 | 20231205103432.0 | ||
| 007 | ta | ||
| 008 | 230509b bl.|||p| |||| 00| 00por d | ||
| 040 |
_aBR-BrBNA _bpor _cBiblioteca Nacional de Agricultura |
||
| 041 | _a(Pt) | ||
| 072 | _aL10 | ||
| 100 | 1 | _aMuniz, J.A. | |
| 100 | 1 | _aBencovsky, R. | |
| 100 | 1 | _aBarbin, D. | |
| 245 | 1 | _aEstimação do coeficiente de endogamia através do método dos momentos em uma população diplóide com alelos múltiplos | |
| 650 | _aENDOGAMIA | ||
| 650 | _aGENE | ||
| 650 | _aGENÉTICA | ||
| 773 | 0 |
_tCiência e Agrotecnologia (Brazil) _xISSN 1413-7054 _g(Apr-Jun 1997), v. 21(2) p. 150-159 _wBR0102332 |
|
| 909 |
_a202311 _bLúcia _c55 _dLúcia Elande |
||
| 942 |
_2AGRIS _n0 _cANA |
||
| 999 |
_c172837 _d172837 |
||